[Event "Challenge"]
[Site "http://www.queenalice.com/game.php?id=1801147"]
[Date "2022.12.3"]
[Round "-"]
[White "swabeyd"]
[Black "erminius"]
[Result "1/2-1/2"]
[WhiteElo "2425"]
[BlackElo "2379"]

1. d4 e6 2. Nf3 Nf6 3. e3 b6 4. b3 Be7 5. Bb2 Bb7 6. c4 O-O 7. Nc3 d5 8. Rc1
dxc4 9. Bxc4 c5 10. O-O Nbd7 11. Na4 h6 12. Bb5 Rc8 13. Qe2 cxd4 14. Nxd4 Rxc1
15. Rxc1 Nc5 16. Nxc5 Bxc5 17. Bc6 Qe7 18. Bxb7 Qxb7 19. Nb5 Rd8 20. Bxf6 gxf6
21. Rd1 Rxd1+ 22. Qxd1 f5 23. Qd8+ Kg7 24. Nc7 Kg6 25. Qg8+ Kf6 26. Qh8+ Ke7 27.
Qe8+ Kf6 28. Qh8+ Ke7 29. Qe8+ Kf6 30. Qh8+ Ke7 1/2-1/2

[Event "Challenge"]
[Site "http://www.queenalice.com/game.php?id=1801676"]
[Date "2022.12.10"]
[Round "-"]
[White "JimMorrisson"]
[Black "erminius"]
[Result "0-1"]
[WhiteElo "2454"]
[BlackElo "2390"]

1. e4 Nc6 2. Nf3 d6 3. d4 Nf6 4. d5 Ne5 5. Nxe5 dxe5 6. Bd3 e6 7. c4 exd5 8.
cxd5 Bc5 9. Qc2 Qe7 10. Nc3 O-O 11. Bg5 h6 12. Bh4 Bd7 13. O-O g5 14. Bg3 c6 15.
Kh1 Rac8 16. Rae1 Rfd8 17. Qb3 b5 18. a3 a6 19. Bb1 a5 20. f3 b4 21. axb4 axb4
22. Nd1 cxd5 23. exd5 Bb5 24. Bf5 Bxf1 25. Bxc8 Bb5 26. Rxe5 Qa7 27. Bf5 Nh5 28.
f4 Nxf4 29. Qf3 Bd6 30. Bxf4 gxf4 31. Re4 Re8 32. Rxe8+ Bxe8 33. Bd3 Qd4 34. Qe4
Qxe4 35. Bxe4 Be5 36. b3 Bd4 37. g3 fxg3 38. hxg3 Kg7 39. Kg2 Kf6 40. Kf3 Ke5
41. Ne3 Bxe3 42. Kxe3 f6 43. d6 Kxd6 44. Kd4 Bf7 45. Bc2 Be6 46. Bd1 Bf7 47. Bc2
Bd5 48. Bd1 f5 49. Bc2 f4 50. gxf4 h5 51. Ke3 h4 0-1

[Event "Challenge"]
[Site "http://www.queenalice.com/game.php?id=1802963"]
[Date "2022.12.30"]
[Round "-"]
[White "MLSChess"]
[Black "erminius"]
[Result "1/2-1/2"]
[WhiteElo "2531"]
[BlackElo "2428"]

1. e4 Nc6 2. d4 d5 3. e5 Bf5 4. c3 e6 5. Bd3 Nge7 6. Ne2 f6 7. f4 Qd7 8. O-O h5
9. Be3 Na5 10. Na3 h4 11. h3 O-O-O 12. Nc2 Be4 13. Bf2 Nf5 14. Ne3 Nxe3 15. Bxe3
Nc4 16. Bc1 Na5 17. Kh1 Bxd3 18. Qxd3 Nc6 19. exf6 gxf6 20. f5 e5 21. dxe5 Nxe5
22. Qd1 c5 23. Be3 Qc6 24. Bg1 Rg8 25. Nf4 Bh6 26. Ng6 Nxg6 27. fxg6 Rxg6 28.
Qd3 Rdg8 29. Rf2 Rg3 30. Qf5+ Qd7 31. Qxf6 Bg5 32. Qe5 Re8 33. Qf5 Qxf5 34. Rxf5
Re2 35. Bf2 Rd3 36. Bxc5 Bd8 37. Rf8 Kd7 38. a4 Rxb2 39. Re1 Rdd2 40. Rf7+ Kc6
41. Bxa7 b6 42. Bb8 Ra2 43. Rf8 Kd7 44. Rf7+ Kc6 45. Bf4 Re2 46. Rxe2 Rxe2 47.
g4 hxg3 48. Bxg3 Re3 49. Kg2 Rxc3 50. h4 d4 51. Rg7 Rc5 52. Rg6+ Kb7 53. Rd6
Rc2+ 54. Kf1 Rc1+ 55. Ke2 Rc2+ 56. Kd1 Rg2 57. Be1 Bxh4 58. Bxh4 d3 59. Rd4 Ra2
60. Be1 b5 61. axb5 Rb2 62. Bc3 Rxb5 63. Rh4 Kc6 64. Kd2 Rg5 65. Kxd3 Kd5 66.
Bd2 Rg3+ 1/2-1/2

[Event "Challenge"]
[Site "http://www.queenalice.com/game.php?id=1805310"]
[Date "2023.2.2"]
[Round "-"]
[White "Toits"]
[Black "erminius"]
[Result "1/2-1/2"]
[WhiteElo "2664"]
[BlackElo "2446"]

1. e4 Nc6 2. d4 d5 3. e5 Bf5 4. c3 e6 5. Nd2 f6 6. f4 g5 7. Ndf3 gxf4 8. Bd3
Bxd3 9. Qxd3 fxe5 10. dxe5 Nge7 11. Ne2 Ng6 12. Nxf4 Nxf4 13. Bxf4 Qe7 14. O-O
Rg8 15. g3 h5 16. Kg2 h4 17. h3 hxg3 18. h4 Qd7 19. Bg5 Qg7 20. Bf6 Qh6 21. b4
Be7 22. b5 Na5 23. Nd4 Nc4 24. Rf3 Qd2+ 25. Qxd2 Nxd2 26. Rd3 Bxf6 27. exf6 Ne4
28. Nxe6 Kf7 29. Nxc7 Rad8 30. Nxd5 Rh8 31. c4 Rxh4 32. Re3 Rdh8 1/2-1/2

[Event "Challenge"]
[Site "http://www.queenalice.com/game.php?id=1806300"]
[Date "2023.2.17"]
[Round "-"]
[White "guss"]
[Black "erminius"]
[Result "0-1"]
[WhiteElo "2533"]
[BlackElo "2450"]

1. e4 Nc6 2. d4 d5 3. e5 Bf5 4. Nf3 e6 5. Be2 Nb4 6. Na3 Nc6 7. O-O Bxa3 8. bxa3
h6 9. Rb1 b6 10. Ba6 Nge7 11. Qe2 O-O 12. Bb2 Rb8 13. Rfc1 Bg4 14. h3 Bh5 15.
Re1 f6 16. Qe3 b5 17. exf6 Rxf6 18. Ne5 Nxe5 19. Qxe5 Be8 20. a4 Ng6 21. Qe3 e5
22. Bxb5 e4 23. Bc3 Bxb5 24. Rxb5 Rxb5 25. axb5 Nh4 26. Qe2 Rg6 27. g3 Qd7 28.
Kh2 Nf3+ 29. Kg2 Nxe1+ 30. Bxe1 c6 31. bxc6 Rxc6 32. c3 Qf5 33. g4 Qf3+ 34. Qxf3
exf3+ 35. Kxf3 Ra6 36. Ke2 Rxa2+ 37. Kd3 Kf7 38. f3 Ra1 39. Bd2 a5 40. Bf4 Rf1
41. Ke3 a4 42. Bd6 Rh1 43. h4 Rxh4 44. Bc5 Rh1 0-1

[Event "Let's Play Chess!"]
[Site "http://www.queenalice.com/game.php?id=1809510"]
[Date "2023.4.11"]
[Round "-"]
[White "Ahlkhanvio"]
[Black "erminius"]
[Result "1-0"]
[WhiteElo "2640"]
[BlackElo "2471"]

1. d4 e6 2. c4 Nf6 3. g3 Bb4+ 4. Bd2 a5 5. Bg2 O-O 6. Nf3 Be7 7. O-O d5 8. Qc2
c6 9. Bf4 Nbd7 10. Rd1 a4 11. Ne5 Qa5 12. Nd2 Nxe5 13. Bxe5 Ng4 14. Nf3 Qa6 15.
Rac1 Nxe5 16. Nxe5 1-0

[Event "Challenge"]
[Site "http://www.queenalice.com/game.php?id=1809746"]
[Date "2023.4.11"]
[Round "-"]
[White "erminius"]
[Black "Ahlkhanvio"]
[Result "1-0"]
[WhiteElo "2469"]
[BlackElo "2648"]

1. Nf3 d5 2. g3 Bg4 3. Bg2 Nd7 4. h3 Bxf3 5. Bxf3 c6 6. d3 Ngf6 7. O-O e6 8. b3
Bd6 9. Bg2 O-O 10. e3 a5 11. a3 b5 12. c4 Qe7 13. Nd2 bxc4 14. bxc4 Rfc8 15. Qa4
Rcb8 16. d4 c5 17. Re1 h6 18. Qd1 a4 19. Ra2 Ra7 20. cxd5 Nxd5 21. Bb2 cxd4 22.
Nc4 1-0

[Event "Challenge"]
[Site "http://www.queenalice.com/game.php?id=1817262"]
[Date "2023.7.25"]
[Round "-"]
[White "erminius"]
[Black "swabeyd"]
[Result "1/2-1/2"]
[WhiteElo "2481"]
[BlackElo "2437"]

1. e4 e6 2. b3 d5 3. Bb2 Nc6 4. e5 d4 5. Nf3 a6 6. Bd3 g5 7. Be4 Nge7 8. Nxg5
Nxe5 9. Qh5 Bg7 10. g3 Ng8 11. Bg2 Nf6 12. Qd1 O-O 13. O-O Ng6 14. d3 a5 15. Nd2
Nd5 16. Qh5 h6 17. Nge4 Ra6 18. Rae1 Rc6 19. Ba3 Rxc2 20. Bxf8 Nxf8 21. Nc4 Rxa2
22. Ne5 Qe7 23. Ng4 f5 24. Nxh6+ Bxh6 25. Qxh6 fxe4 26. Rxe4 Qg7 27. Qh4 Ng6 28.
Qd8+ Qf8 29. Qg5 Qf6 30. Qh6 Qg7 31. Qg5 Nge7 32. Qh4 Ng6 33. Qd8+ Qf8 34. Qg5
Qf6 35. Qh6 Qg7 36. Qg5 Nf8 37. Qh4 Ng6 38. Qd8+ 1/2-1/2

[Event "Challenge"]
[Site "http://www.queenalice.com/game.php?id=1820319"]
[Date "2023.9.5"]
[Round "-"]
[White "MLSChess"]
[Black "erminius"]
[Result "1/2-1/2"]
[WhiteElo "2535"]
[BlackElo "2491"]

1. e4 Nc6 2. d4 d5 3. e5 Bf5 4. c3 e6 5. Nd2 f6 6. f4 g5 7. Ndf3 gxf4 8. Bd3
Bxd3 9. Qxd3 fxe5 10. dxe5 Nge7 11. Nh3 Ng6 12. Nxf4 Nxf4 13. Bxf4 Qd7 14. O-O
h6 15. b4 Qh7 16. Qe2 O-O-O 17. Rad1 Rg8 18. Kh1 Re8 19. a4 Qg6 20. a5 a6 21.
Rd2 Be7 22. Be3 Ref8 23. Rb2 Qe4 24. Bxh6 Rf5 25. Rf2 Rg6 26. Bc1 Rg4 27. h3 Rh5
28. Bd2 Kd8 29. Bc1 Kc8 30. Qxe4 dxe4 31. Nh2 Rg3 32. Rbc2 Nxe5 33. Bf4 Rg8 34.
g4 Nxg4 35. hxg4 Rxg4 36. Be5 Rg6 37. Bf4 Bd6 38. Bxd6 cxd6 39. c4 Rg3 40. Rg2
Rhh3 41. Rxg3 Rxg3 42. Nf1 Rb3 43. b5 Ra3 44. Nd2 Rxa5 45. Nxe4 Kd7 46. bxa6
Rxa6 47. c5 d5 48. c6+ Rxc6 49. Nf6+ Ke7 50. Rxc6 bxc6 51. Ng4 d4 1/2-1/2

[Event "Challenge"]
[Site "http://www.queenalice.com/game.php?id=1825073"]
[Date "2023.11.11"]
[Round "-"]
[White "erminius"]
[Black "JimMorrisson"]
[Result "1-0"]
[WhiteElo "2492"]
[BlackElo "2431"]

1. e4 c5 2. d4 cxd4 3. Qxd4 Nc6 4. Qa4 d6 5. Nf3 Bd7 6. Bd3 Ne5 7. Qb3 Nxf3+ 8.
gxf3 Bc6 9. Nc3 e6 10. Be3 Nf6 11. O-O-O Be7 12. Rhg1 g6 13. f4 a6 14. f5 gxf5
15. exf5 Qd7 16. fxe6 fxe6 17. Bf1 a5 18. Bh3 d5 19. Rge1 a4 20. Qb6 Bd8 21. Qd4
Kf7 22. Bg5 Re8 23. Re3 1-0

[Event "Let's Play Chess!"]
[Site "http://www.queenalice.com/game.php?id=1825088"]
[Date "2023.11.15"]
[Round "-"]
[White "jcharro1979"]
[Black "erminius"]
[Result "0-1"]
[WhiteElo "2467"]
[BlackElo "2499"]

1. e4 d5 2. exd5 Qxd5 3. Nc3 Qd6 4. d4 Nf6 5. Nf3 c6 6. Be2 Bg4 7. O-O Nbd7 8.
h3 Bxf3 9. Bxf3 e6 10. Be3 Qc7 11. Ne2 Be7 12. c4 O-O 13. Qc2 e5 14. Rad1 Rad8
15. g4 h6 16. dxe5 Nxe5 17. Bg2 Ng6 18. Ng3 Bd6 19. Nf5 Bh2+ 20. Kh1 Bf4 21. Qc3
Bxe3 22. fxe3 Rxd1 23. Rxd1 Rd8 24. Rxd8+ Qxd8 25. Qd4 Qa5 26. Nxh6+ gxh6 27.
Qxf6 Qe1+ 28. Kh2 Qxe3 29. Qf5 Nf4 30. Qe4 Nxg2 31. Qxg2 Qf4+ 32. Qg3 Qxc4 33.
Qb8+ Kg7 34. Qxb7 Qxa2 35. Kg3 a5 36. Qb6 Qd5 37. Kf2 Qd2+ 38. Kf3 Qd3+ 39. Kg2
Qe4+ 40. Kg3 a4 41. Qf2 Qe5+ 42. Kg2 Qe4+ 43. Kg3 Qd3+ 44. Kh4 Qd1 45. Qf4 Qe1+
46. Kh5 Qa5+ 47. Kh4 Qg5+ 48. Qxg5+ hxg5+ 49. Kxg5 c5 50. Kf4 c4 0-1

[Event "Challenge"]
[Site "http://www.queenalice.com/game.php?id=1827344"]
[Date "2023.12.16"]
[Round "-"]
[White "MLSChess"]
[Black "erminius"]
[Result "1/2-1/2"]
[WhiteElo "2538"]
[BlackElo "2506"]

1. d4 e6 2. e4 d5 3. Nd2 Be7 4. Ngf3 c5 5. exd5 exd5 6. dxc5 Bxc5 7. Nb3 Bd6 8.
Bb5+ Nc6 9. O-O Ne7 10. Bd3 O-O 11. Re1 Re8 12. Be3 h6 13. Nbd4 Nxd4 14. Nxd4
Nc6 15. c3 Ne5 16. h3 Bd7 17. Bc2 Nc4 18. Qf3 Nxe3 19. Rxe3 Rxe3 20. fxe3 Bc6
21. Rf1 Qc7 22. Qg4 Bf8 23. h4 Re8 24. Rf3 a5 25. Kf2 Bd7 26. Qf4 Qxf4 27. exf4
Bc5 28. Re3 Rxe3 1/2-1/2

[Event "Challenge"]
[Site "http://www.queenalice.com/game.php?id=1827536"]
[Date "2023.12.18"]
[Round "-"]
[White "josekasparov"]
[Black "erminius"]
[Result "0-1"]
[WhiteElo "2532"]
[BlackElo "2511"]

1. e4 d5 2. exd5 Qxd5 3. Nc3 Qd8 4. d4 Nf6 5. Bc4 a6 6. Nf3 b5 7. Bd3 Bb7 8. Bg5
b4 9. Na4 Nbd7 10. Qe2 e6 11. Ne5 Nxe5 12. dxe5 Qd5 13. f3 Qa5 14. b3 Nd7 15. f4
h6 16. Bh4 g5 17. Be4 Bxe4 18. Qxe4 Qd5 19. Qxd5 exd5 20. Bg3 gxf4 21. Bxf4 a5
22. O-O-O c6 23. Rd3 Rg8 24. g3 Rg6 25. c4 bxc3 26. Nxc3 Re6 27. Re1 f6 0-1

[Event "Challenge"]
[Site "http://www.queenalice.com/game.php?id=1827537"]
[Date "2023.12.18"]
[Round "-"]
[White "guss"]
[Black "erminius"]
[Result "0-1"]
[WhiteElo "2533"]
[BlackElo "2529"]

1. e4 d5 2. exd5 Qxd5 3. Nc3 Qa5 4. Nf3 c6 5. Be2 Nf6 6. d4 Bf5 7. O-O e6 8. Nh4
Bg6 9. Bf4 Nbd7 10. a3 Bh5 11. Nf3 Be7 12. h3 O-O 13. Qd2 h6 14. Rfe1 a6 15. Bg3
Rfd8 16. Ne5 Nxe5 17. Bxh5 Nxh5 18. Rxe5 Rd5 19. Qd3 Rxe5 20. Bxe5 Nf6 21. Qg3
Ne8 22. Rb1 Rd8 23. Re1 Bf8 24. Rc1 Nd6 25. Rb1 Rd7 26. Bxd6 Rxd6 27. Qe3 Qd8
28. Ne2 g6 29. b4 b6 30. Qd3 c5 31. Qxa6 cxd4 32. Qd3 Rd5 33. Nf4 Rd6 34. Ne2
Qe8 35. f4 Qa4 36. Rd1 Bg7 37. c4 Qd7 38. Rd2 h5 39. g3 Qb7 40. h4 e5 41. fxe5
Bxe5 42. Kh2 Qa8 43. Kg1 Re6 44. Kh2 Bc7 45. Nxd4 Re4 46. Nf3 Rg4 47. Rg2 Qb8
48. Kh1 Bxg3 49. b5 Qf4 50. Qd8+ Kg7 51. Qd3 Qc1+ 52. Rg1 Qb2 53. Rg2 Qc1+ 54.
Rg1 Qb2 55. Rg2 Qa1+ 56. Rg1 Qf6 57. Qe2 Qf5 58. Rf1 Re4 59. Qg2 Bd6 60. Nh2 Qe6
61. Nf3 Rxc4 62. Rd1 Rf4 63. Rf1 Bxa3 64. Qg3 Bd6 65. Qg2 Qe4 66. Qh3 Qd3 67.
Qg2 Qxb5 68. Qf2 Qf5 69. Qb2+ Be5 70. Qg2 b5 71. Qg3 b4 72. Re1 Bb8 73. Ng5 Qd5+
74. Kg1 Qd4+ 0-1

[Event "Challenge"]
[Site "http://www.queenalice.com/game.php?id=1827815"]
[Date "2023.12.23"]
[Round "-"]
[White "mestreRJ"]
[Black "erminius"]
[Result "1/2-1/2"]
[WhiteElo "2691"]
[BlackElo "2507"]

1. e4 e6 2. d4 d5 3. e5 c5 4. c3 Nc6 5. Nf3 Bd7 6. Be2 Nge7 7. O-O Nf5 8. dxc5
a5 9. Bd3 Bxc5 10. Bxf5 exf5 11. Qxd5 Qb6 12. Qb3 O-O 13. Qxb6 Bxb6 14. Na3 h6
15. Re1 a4 16. Be3 Bxe3 17. Rxe3 Ra5 18. Nc4 Rb5 19. Re2 Be6 20. Nd6 Rb6 21. Nd4
Nxe5 22. N6xf5 Nd3 23. b4 axb3 24. Ne7+ Kh7 25. axb3 Bxb3 26. Rb1 Nc5 1/2-1/2

[Event "Challenge"]
[Site "http://www.queenalice.com/game.php?id=1833740"]
[Date "2024.3.18"]
[Round "-"]
[White "gmxian89"]
[Black "erminius"]
[Result "1-0"]
[WhiteElo "2529"]
[BlackElo "2519"]

1. e4 d5 2. exd5 Qxd5 3. Nc3 Qd8 4. d4 Nf6 5. Nf3 Bg4 6. h3 Bxf3 7. Qxf3 c6 8.
g4 Qxd4 9. Be3 Qd8 10. g5 Nd5 11. O-O-O e6 12. Nxd5 cxd5 13. c4 Qc7 14. Kb1 dxc4
15. Qe4 Nc6 16. Bxc4 Be7 17. h4 Qe5 18. Qxe5 Nxe5 19. Bb5+ Nc6 20. Rc1 O-O 21.
Bxc6 bxc6 22. Rxc6 a5 23. Rhc1 Rfb8 24. R1c4 a4 25. Bf4 Rd8 26. a3 h6 27. gxh6
Bxh4 28. hxg7 Bf6 29. Rb4 Rd4 30. Ka2 Kxg7 31. Be3 Rh4 32. Rc1 Kg6 33. Rb7 Rf8
34. Rb5 e5 35. Rc7 Rhh8 36. Rc6 Kf5 37. Rc7 Kg6 38. Rc6 Kf5 39. Rb7 Bg5 40. Ba7
1-0

[Event "Challenge"]
[Site "http://www.queenalice.com/game.php?id=1839002"]
[Date "2024.6.21"]
[Round "-"]
[White "josekasparov"]
[Black "erminius"]
[Result "0-1"]
[WhiteElo "2566"]
[BlackElo "2520"]

1. e4 d5 2. exd5 Qxd5 3. Nc3 Qa5 4. g3 e5 5. Bg2 Nf6 6. Nf3 Bb4 7. Qe2 O-O 8.
O-O Re8 9. Ne4 Nbd7 10. c3 Bf8 11. Re1 Nxe4 12. Qxe4 Nf6 13. Qc2 e4 14. Nd4 Qh5
15. b4 Bh3 16. Bh1 c5 17. bxc5 Bxc5 18. Bb2 Rac8 19. Qd1 Bg4 20. Qb1 Rc6 21. d3
Bd7 22. Bxe4 Rxe4 23. dxe4 Ng4 24. h4 Nxf2 0-1